Una consideración de las regiones fronterizas en Costa Rica
Spremljeno u:
| Autor kompanije: | |
|---|---|
| Format: | Tekst |
| Izdano: |
San José :
|
| Teme: | |
| Oznake: |
Dodaj oznaku
Bez oznaka, Budi prvi tko označuje ovaj zapis!
|
MARC
| LEADER | 00000 a a2200000 04500 | ||
|---|---|---|---|
| 001 | 14143 | ||
| 003 | |||
| 040 | |||
| 090 | |a 022800 | ||
| 110 | |a Costa Rica. Ministerio de Planificación Nacional y Política Económica | ||
| 245 | |a Una consideración de las regiones fronterizas en Costa Rica | ||
| 260 | |a San José : | ||
| 300 | |a 12 p. | ||
| 650 | |a DESARROLLO REGIONAL | ||
| 999 | |c 2588 |d 2588 | ||
